Normal view
MARC view
- Chapel, Paul,
Entry Personal Name
001 - CONTROL NUMBER
- control field: 2365
003 - CONTROL NUMBER IDENTIFIER
- control field: NUST
005 - DATE AND TIME OF LATEST TRANSACTION
- control field: 20170609112249.0
008 - FIXED-LENGTH DATA ELEMENTS
- fixed length control field: 170609|| aca||aabn | a|a d
040 ## - CATALOGING SOURCE
- Original cataloging agency: NUST
- Transcribing agency: NUST
100 ## - HEADING--PERSONAL NAME
- Personal name: Chapel, Paul,
- Titles and other words associated with a name: ingénieur I.E.G.
670 ## - SOURCE DATA FOUND
- Source citation: Work cat.: (NUST)0: Chapel, Paul, ingénieur I.E.G., Handbook of exploration geophysics /, 1991.
